[Event "3. Open Bohumin 2020"]
[Site "Bohumin"]
[Date "2020.07.26"]
[Round "9.8"]
[White "Posluszny, Tomasz"]
[Black "Czerw, Dawid"]
[Result "0-1"]
[WhiteElo "1977"]
[BlackElo "2287"]
[Annotator "TA"]
[PlyCount "38"]
[EventDate "2020.07.18"]
[EventType "swiss"]
[EventCountry "CZE"]
[SourceTitle "playchess.com"]
[Source "ChessBase"]
[SourceQuality "1"]

{[%evp 9,38,0,1,-18,-21,-18,-14,-22,-23,-77,-91,-100,-92,-108,-108,-135,-124,-133,-108,-224,-214,-255,-253,-322,-326,-320,-324,-318,-334,-316,-302]} 1. d4 Nf6 2. c4 e6 3. Nf3 d5 4. Bf4 Bb4+ 5. Nc3 dxc4 6. Qa4+ {D38: Queen's Gambit Declined: Ragozin Defence (4 Nf3 Bb4).} Nc6 {[%cal Bb8c6,Bc6a5,Ba5b3][%mdl 32]} 7. a3 Bxc3+ $1 8. bxc3 {The position is equal.} Nd5 9. Bd2 (9. e3 $11 {keeps the balance.}) 9... Nb6 $17 10. Qc2 {[#]} Bd7 $146 {[%mdl 2048] Black has strong initiative.} ({Predecessor:} 10... O-O 11. e4 Na5 12. Be2 Bd7 13. O-O Ba4 14. Qb2 Nb3 15. Rae1 Qe7 16. Bg5 f6 {1-0 (54) Ynojosa Aponte,F (2399)-Cornette,D (2447) chess.com INT 2017}) 11. Bf4 Na5 12. Nd2 Ba4 13. Qb2 Nb3 14. Rd1 (14. Nxb3 $17 cxb3 15. e3) 14... Nd5 $19 15. Bg3 {[#]} Nxd4 $1 {[%mdl 576] Discovered Attack. Black has a decisive advantage.} 16. cxd4 {Black must now prevent Rc1.} c3 {[%mdl 64] Double Attack} 17. Qa1 Bxd1 ({Not} 17... cxd2+ 18. Rxd2 f5 19. e3 $15) 18. Qxd1 cxd2+ 19. Qxd2 Nf6 {White got outplayed after the opening. Accuracy: White = 41%, Black = 100%.} 0-1

[Event "3. Open Bohumin 2020"]
[Site "Bohumin"]
[Date "2020.07.26"]
[Round "9.9"]
[White "Radecki, Adam"]
[Black "Dobrovolsky, Ladislav"]
[Result "1/2-1/2"]
[WhiteElo "1895"]
[BlackElo "2271"]
[Annotator "TA"]
[PlyCount "117"]
[EventDate "2020.07.18"]
[EventType "swiss"]
[EventCountry "CZE"]
[SourceTitle "playchess.com"]
[Source "ChessBase"]
[SourceQuality "1"]

{[%evp 15,117,10,44,59,48,35,37,20,11,-66,62,58,58,46,58,24,48,39,60,46,46,41,32,39,45,44,41,32,49,39,53,57,59,-154,-150,-182,-117,-102,-83,-104,-76,-112,-45,-43,-48,-117,0,-185,0,0,0,0,0,0,0,0,0,0,0,0,0,0,0,0,0,0,0,0,0,0,0,0,0,0,8,0,0,0,0,0,0,0,0,0,0,0,0,0,0,0,0,0,0,0,0,0,0,0,0,-8,-8,-8,-8,-41]} 1. e4 c5 2. Nf3 e6 3. d3 Nc6 4. g3 d5 5. Nbd2 Bd6 6. Bg2 Nge7 7. O-O O-O 8. Re1 f5 9. exd5 {A08: King's Indian Attack.} exd5 10. d4 c4 11. c3 {White is slightly better.} f4 12. Nf1 ({White should play} 12. b3 $11) 12... fxg3 {[#]} (12... Bg4 $15) 13. hxg3 $146 ({Predecessor:} 13. fxg3 Bg4 14. Bg5 Qd7 15. Ne3 Bh5 16. Bxe7 Nxe7 17. Ne5 Qe8 18. Qd2 Bxe5 19. dxe5 {1-0 (31) Gostomski,M (1588)-Serbinowski,M (1802) Gdansk 2012}) 13... Bg4 14. N1h2 Bh5 15. Be3 Qc7 16. Qd2 Rae8 17. Ng5 Rf6 18. f4 h6 19. Ngf3 $1 Rg6 20. Bf2 Rf8 21. Ne5 Bxe5 $1 22. dxe5 Rd8 23. Bh3 d4 24. cxd4 $2 (24. Kf1 $1 $14 {keeps the upper hand.}) 24... Nxd4 $17 {And now ...Nef5 would win.} 25. Qc3 ({But not} 25. Bxd4 $2 Rxg3+ 26. Bg2 Nf5 $19) 25... Ne2+ (25... Ndf5 $19 26. Nf1 Rd3) 26. Rxe2 Bxe2 27. Qe1 Bd3 28. Nf3 Ra6 ({Better is} 28... Nd5 $17 {aiming for ...Nxf4.} 29. Kh1 {[#]} Rb6 $1 {[%mdl 512]}) 29. Nd4 $15 Qa5 {Threatens to win with ...Qxe1+.} 30. Qe3 (30. a3 $15) 30... g6 (30... Qb6 $17 31. b3 Qg6 32. bxc4 Bxc4) 31. Qf3 $2 (31. Ne6 $11 {and White has nothing to worry.}) 31... Qd5 $2 {[#]} ({Black should try} 31... Qb4 $19 32. b3 Kh8) 32. Be6+ $1 $11 {[%mdl 512] The position is equal.} Rxe6 33. Qxd5 Rxd5 34. Nxe6 Rb5 35. b3 cxb3 36. axb3 Rxb3 37. Nc5 ({Reject} 37. Bxa7 Bf5 $17) 37... Rb1+ 38. Rxb1 Bxb1 39. Nxb7 {[%mdl 4096] Endgame KBN-KBN} Nc6 40. Nd6 a6 41. Bc5 h5 42. Kf2 Nd8 43. Kf3 Ne6 44. Bb6 Bf5 45. Nb7 Kf7 46. Nd8+ (46. Bd8 {is interesting.} Nd4+ 47. Ke3 Nb3 48. Bb6 Ke6 49. Na5) 46... Nxd8 47. Bxd8 {KB-KB} Ke6 48. Ke3 Kd5 49. Kd2 Ke4 50. Kc3 Kf3 51. Bh4 a5 52. Kb3 Bd7 53. Ka3 Kg4 54. Kb3 g5 55. fxg5 Kf5 {[#]} 56. g6 $1 {[%mdl 512]} Kxg6 57. Bd8 a4+ 58. Ka3 Kf5 59. e6 {Accuracy: White = 81%, Black = 82%.} 1/2-1/2

[Event "3. Open Bohumin 2020"]
[Site "Bohumin"]
[Date "2020.07.26"]
[Round "9.10"]
[White "Rodshtein, Tereza"]
[Black "Neumann, Filip"]
[Result "1/2-1/2"]
[WhiteElo "2189"]
[BlackElo "2044"]
[Annotator "TA"]
[PlyCount "126"]
[EventDate "2020.07.18"]
[EventType "swiss"]
[EventCountry "CZE"]
[SourceTitle "playchess.com"]
[Source "ChessBase"]
[SourceQuality "1"]

{[%evp 20,126,14,0,37,37,42,37,56,46,57,55,80,100,89,74,83,48,53,52,70,58,74,83,135,114,135,58,181,140,337,294,281,0,322,164,160,126,121,125,112,103,77,69,69,66,188,195,206,205,188,97,140,141,140,136,131,130,124,129,116,110,182,180,181,182,204,193,221,172,279,250,279,254,255,245,233,189,516,369,462,366,331,338,516,516,515,504,504,410,652,552,526,306,330,0,0,0,0,0,0,0,0,0,0,0,0,0,0]} 1. e4 c6 2. d4 d5 3. Nd2 dxe4 4. Nxe4 Bf5 5. Ng3 Bg6 6. h4 h6 7. Nf3 Nd7 8. h5 Bh7 9. Bd3 Bxd3 10. Qxd3 e6 11. Bd2 Qb6 {B19: Classical Caro-Kann: 4...Bf5 main line.} 12. O-O-O Ngf6 13. Ne5 Be7 {White is slightly better.} 14. Rhe1 Nxe5 15. dxe5 {[#]} Nd5 $146 ({Predecessor:} 15... Rd8 16. Qe2 Nd5 17. Qg4 Kf8 18. a3 Qxf2 19. Re2 Qb6 20. Rf1 Kg8 21. c4 Nc7 {1-0 (39) Velcheva,M (2280)-Doncheva,M (2036) Borovetz 2008}) 16. Ne4 O-O-O 17. Qg3 Rhg8 18. a3 Qa6 19. Kb1 Kb8 20. Qf3 Rgf8 21. g4 Qc4 (21... Qb5 $142) 22. Bc1 Rd7 23. Rd3 (23. g5 $16) 23... Rfd8 (23... Qb5 $14) 24. Red1 $18 Kc7 $2 (24... Qa6 $16) 25. Rd4 Qa6 26. R4d3 Qc4 {[#]} 27. g5 (27. b3 $142 $1 {[%cal Rb3c4]} Qa6 28. c4 (28. Qxf7 Bxa3 29. Qxe6 Bxc1 $11)) 27... hxg5 28. Rd4 (28. Bxg5 $6 Bxg5 29. Nxg5 Nf4 $11) 28... Qa6 29. Bxg5 Bxg5 30. Nxg5 Qb6 {...Nc3+! is the strong threat.} 31. Kc1 {Black must now prevent c4.} c5 32. R4d2 {aiming for c4.} Qc6 {[#]} ({Black should play} 32... c4 $1 $14) 33. c4 $1 {[%cal Rc4d5]} Nb6 {Hoping for ...Rxd2.} 34. Qxc6+ bxc6 35. b3 (35. Rxd7+ $18 Nxd7 36. Nxf7) 35... Rxd2 36. Rxd2 $16 {[%mdl 4096] Endgame KRN-KRN} Rh8 37. Nxf7 Rxh5 38. f4 Nd7 39. Ng5 Nf8 40. Rf2 Kd7 (40... Rh1+ $16 41. Kc2 Kb6) 41. Ne4 $18 Ke7 42. Rg2 ({Resist} 42. Nxc5 $6 g5 $16) 42... Kf7 43. Nxc5 Rf5 44. Nd3 g5 (44... Nd7 $142 45. Kd2 Rh5) 45. fxg5 Nd7 46. Kc2 Nxe5 47. Nxe5+ Rxe5 {KR-KR} 48. Kd3 a5 $2 (48... Ra5 {is more resistant.} 49. a4 Rf5) 49. g6+ Kg7 50. Kd4 Rh5 51. b4 axb4 (51... Rf5 {might work better.} 52. Rg4 Rh5) 52. axb4 Rf5 {and the idea ...Rh5 leaves Black hopeful.} 53. Rg4 Rh5 {If only Black now had time for ...Rf5....} 54. c5 Rd5+ (54... Rf5 $142 55. Ke4 Rd5) 55. Kc4 Rd1 56. Kc3 e5 57. b5 $2 ({White should try} 57. Rg5 $18) 57... Rc1+ $11 {The position is equal.} 58. Kb3 Rb1+ ({Much worse is} 58... cxb5 $6 59. Kb4 $16) 59. Kc4 Rc1+ 60. Kb4 Rb1+ 61. Kc4 Rc1+ 62. Kb4 Rb1+ 63. Kc4 Rc1+ {Black defended with fortune. Accuracy: White = 75%, Black = 55%.} 1/2-1/2

[Event "3. Open Bohumin 2020"]
[Site "Bohumin"]
[Date "2020.07.26"]
[Round "9.11"]
[White "Kolar, Stanislav"]
[Black "Sramek, Vojtech"]
[Result "0-1"]
[WhiteElo "2024"]
[BlackElo "2178"]
[Annotator "TA"]
[PlyCount "110"]
[EventDate "2020.07.18"]
[EventType "swiss"]
[EventCountry "CZE"]
[SourceTitle "playchess.com"]
[Source "ChessBase"]
[SourceQuality "1"]

{[%evp 16,110,-6,-8,17,-20,-20,-31,-24,-33,-35,-35,23,-25,-20,-43,-14,-53,-39,-40,-18,-51,-19,-48,-17,-34,-34,-67,-54,-166,-137,-155,-131,-149,-122,-133,-118,-114,-77,-233,-233,-229,-233,-219,-248,-311,-300,-303,-233,-316,-307,-315,-304,-334,-268,-338,-318,-320,-270,-395,-408,-446,0,-374,-373,-373,-375,-531,-396,-491,-488,-775,-768,-550,-508,-1852,-1572,-29969,-12835,-12840,-12841,-6035,-12823,-29976,-29979,-29983,-29983,-29988,-29986,-29990,-29990,-29990,-29991,-29994,-29994,-29997,-29998]} 1. Nf3 c5 2. e3 Nf6 3. b3 g6 4. Bb2 Bg7 5. Be2 O-O 6. O-O Nc6 7. c4 d5 8. cxd5 Qxd5 9. Nc3 Qd8 {[#] is the legacy move (9...Qf5). A30: Symmetrical English: Double Fianchetto and Hedgehog.} 10. h3 $146 ({Predecessor:} 10. Rc1 b6 11. d4 cxd4 12. Nb5 Bb7 13. Nfxd4 Nxd4 14. Qxd4 Qxd4 15. Bxd4 Nd5 16. Bxg7 Kxg7 17. Bf3 Rfd8 18. Rfd1 a6 19. Nc7 Nxc7 20. Rxc7 {½-½ (20) Bu,X (2670)-Safarli,E (2638) Moscow 2012}) 10... e5 11. d3 Nd5 {Threatens to win with ...e4!Black is slightly better.} 12. Rc1 b6 13. a3 Be6 ({Black should try} 13... Ba6 $15) 14. Qc2 Rc8 15. Ne4 h6 16. Rfd1 f5 17. Ned2 Qe7 18. Qb1 Bf7 19. Qa1 Rfe8 20. Nc4 g5 21. Nh2 h5 22. g4 {[#]} (22. Nf1 $15) 22... hxg4 $1 $19 23. hxg4 f4 {aiming for ...fxe3.} 24. e4 Nf6 25. Kg2 b5 26. Nd2 Nd7 27. f3 $2 (27. Rh1 $17) 27... Bf6 28. a4 {[#]} a6 $1 29. axb5 axb5 30. Qb1 Nd4 31. Bxd4 cxd4 32. Rxc8 Rxc8 33. Rc1 Rc3 34. Rc2 Qb4 35. Rb2 Nc5 36. Nhf1 Kg7 ({Not} 36... Nxb3 37. Bd1 $17) 37. Kh2 (37. Qa1 {is a better defense.}) 37... Qa3 38. Kg2 Qb4 39. Kh2 $1 Be7 40. Kg2 Bf8 41. Kh2 (41. Kf2 $142) 41... Qa3 42. Kg2 Nxb3 43. Nxb3 (43. Kf2 $142) 43... Rxb3 44. Rxb3 Qxb3 45. Qa1 (45. Qxb3 $142 Bxb3 46. Nd2) 45... Ba3 46. Kf2 Qc3 47. Qb1 b4 48. Bd1 b3 49. Ke2 Bc1 {Black mates.} 50. Kf2 b2 51. Ba4 Qb4 52. Bc6 {[#]} Ba2 $1 {[%mdl 576] Promotion} 53. Qxa2 b1=Q 54. Qa7+ Kf6 55. Qh7 Q4b2+ {Accuracy: White = 41%, Black = 75%.} 0-1

[Event "3. Open Bohumin 2020"]
[Site "Bohumin"]
[Date "2020.07.26"]
[Round "9.12"]
[White "Kubos, Rostislav"]
[Black "Stehlik, Jiri"]
[Result "1/2-1/2"]
[WhiteElo "2134"]
[BlackElo "1855"]
[Annotator "TA"]
[PlyCount "39"]
[EventDate "2020.07.18"]
[EventType "swiss"]
[EventCountry "CZE"]
[SourceTitle "playchess.com"]
[Source "ChessBase"]
[SourceQuality "1"]

{[%evp 16,39,0,0,3,-11,-9,-8,-9,-9,-4,-27,-16,-53,-48,-66,0,-62,-50,-59,-48,-108,-115,-109,-67,-100]} 1. c4 c5 2. Nc3 Nc6 3. Nf3 g6 4. g3 Bg7 5. Bg2 e5 6. O-O d6 7. d3 Nge7 8. Bg5 f6 9. Bd2 O-O {A37: Symmetrical English vs ...g6: 4 Bg2 Bg7 5 Nf3.} 10. Ne1 Be6 11. Nc2 d5 {The position is equal.} 12. cxd5 Nxd5 13. Nxd5 Bxd5 14. Ne3 Bxg2 $1 15. Kxg2 {[#]} Qd7 $146 (15... f5 $15) ({Predecessor:} 15... Nd4 16. a4 f5 17. Bc3 f4 18. Bxd4 exd4 19. Qb3+ Kh8 20. Nc4 Qd5+ 21. Kg1 f3 22. exf3 Rxf3 {½-½ (30) Mokrzanowski,A (1957)-Sujkowski,P (2014) Warsaw 2013}) 16. Bc3 (16. Rc1 $11) 16... f5 17. a4 Qe6 18. Kg1 ({Better is} 18. Nc4 $15) 18... Rad8 $17 19. Qc2 Rf7 20. Ng2 {Accuracy: White = 59%, Black = 76%.} 1/2-1/2

[Event "3. Open Bohumin 2020"]
[Site "Bohumin"]
[Date "2020.07.26"]
[Round "9.13"]
[White "Grochol, Kamil"]
[Black "Galuszka, Tomasz"]
[Result "1/2-1/2"]
[WhiteElo "2023"]
[BlackElo "2255"]
[Annotator "TA"]
[PlyCount "43"]
[EventDate "2020.07.18"]
[EventType "swiss"]
[EventCountry "CZE"]
[SourceTitle "playchess.com"]
[Source "ChessBase"]
[SourceQuality "1"]

{[%evp 24,30,52,43,44,43,53,55,53]} 1. e4 c5 2. Nf3 Nc6 3. d4 cxd4 4. Nxd4 e6 5. Nc3 Qc7 6. g3 a6 7. Bg2 Nf6 8. O-O Nxd4 9. Qxd4 Bc5 10. Bf4 d6 11. Qd2 h6 12. Rad1 e5 13. Be3 {White is slightly better.} Be6 {B47: Sicilian: Taimanov: 5 Nc3 Qc7 6 f4, 6 g3 and 6 Be2.} 14. Bxc5 dxc5 15. Nd5 Bxd5 $1 {[#]} {Predecessor:} 16. exd5 $146 Qd6 17. a4 O-O 18. a5 Rfe8 19. Rfe1 Re7 20. Re3 Rae8 21. Rb3 e4 22. Rb6 {0-1 (35) Perez Candelario,M (2612)-Fier,A (2560) chess24.com INT 2020} 1/2-1/2

[Event "3. Open Bohumin 2020"]
[Site "Bohumin"]
[Date "2020.07.26"]
[Round "9.14"]
[White "Adamczyk, Zuzanna"]
[Black "Lojek, Marek"]
[Result "0-1"]
[WhiteElo "1968"]
[BlackElo "2203"]
[Annotator "TA"]
[PlyCount "84"]
[EventDate "2020.07.18"]
[EventType "swiss"]
[EventCountry "CZE"]
[SourceTitle "playchess.com"]
[Source "ChessBase"]
[SourceQuality "1"]

{[%evp 21,84,58,76,72,63,66,75,64,62,67,75,67,66,66,88,86,81,81,78,74,79,72,97,93,116,28,5,0,0,-44,-61,-60,-47,-61,-74,-185,-160,-158,-159,-122,-134,-352,-249,-264,-247,-254,-243,-263,-263,-291,-269,-272,-268,-261,-236,-236,-235,-225,-220,-222,-221,-645,-645,-602,-513]} 1. d4 Nf6 2. c4 c5 3. d5 b5 4. cxb5 a6 5. bxa6 g6 6. Nc3 Bxa6 7. e4 Bxf1 8. Kxf1 d6 9. Nf3 Nbd7 10. g3 Bg7 11. Kg2 O-O 12. a4 {A59: Benko/Volga Gambit: White castles by hand.} Ra6 13. Ra3 Qa8 14. Qe2 {White is better.} Ne8 15. Bg5 {[#]} Nc7 $146 ({Predecessor:} 15... Nef6 16. Rha1 h6 17. Bxf6 Bxf6 18. a5 Bg7 19. Nd2 Rb8 20. Nc4 Rb4 21. Ra4 Qb7 {1-0 (49) Yehuda,B (1685)-Lanin,B (1898) LSS email 2011}) 16. Nb5 (16. Bxe7 Re8 $11) 16... Nxb5 17. Qxb5 Nf6 18. Bxf6 Bxf6 19. b3 $1 Rb8 20. Qd3 Rb4 21. Nd2 Rd4 22. Qe2 Qb7 23. Nc4 (23. h4 $16) 23... e6 $11 24. Qf3 exd5 25. Ne3 Rxe4 26. Qxf6 d4 $36 {[%mdl 2048] White is under pressure.} 27. Qf3 dxe3 28. fxe3 (28. Re1 $17 {was forced.}) 28... Qe7 29. Re1 d5 30. Ra2 d4 31. Qf1 $2 {White does not recover from this.} (31. a5 $17) 31... Qb7 32. Kg1 {[#]} Rae6 $1 (32... dxe3 33. Qd3 $17) (32... Rxe3 33. Rxe3 dxe3 34. Qd3 $17) 33. a5 Qxb3 34. Raa1 dxe3 {Threatens to win with ...e2.} ({Weaker is} 34... Rxe3 35. Reb1 $11) 35. a6 e2 36. Qf2 {[#] aiming for a7.} Ra4 $1 {[%cal Ra4a1] Hoping for ...Rxa1.} 37. Rab1 Qd5 (37... Qe3 38. Qxe3 Rxe3 39. Kf2 $19) 38. Rxe2 Raxa6 39. Rd2 Qe5 ({Much less strong is} 39... Qf5 40. Qxf5 gxf5 41. Rc1 $17) 40. Rd8+ Kg7 ({Don't play} 40... Re8 41. Rxe8+ Qxe8 42. Qxc5 $17) 41. Rd7 $2 (41. Qb2) 41... Rf6 $19 42. Qd2 Ra1 {Accuracy: White = 60%, Black = 93%.} 0-1

[Event "3. Open Bohumin 2020"]
[Site "Bohumin"]
[Date "2020.07.26"]
[Round "9.15"]
[White "Panek, Bartosz"]
[Black "Lys, Josef"]
[Result "0-1"]
[WhiteElo "1988"]
[BlackElo "2124"]
[Annotator "TA"]
[PlyCount "66"]
[EventDate "2020.07.18"]
[EventType "swiss"]
[EventCountry "CZE"]
[SourceTitle "playchess.com"]
[Source "ChessBase"]
[SourceQuality "1"]

{[%evp 15,66,61,61,36,48,36,45,25,54,0,2,-12,0,0,0,0,0,0,0,-13,-6,-82,-64,-86,10,14,33,-70,-55,-217,-40,-42,-32,-308,-314,-305,-235,-278,-284,-284,-284,-279,-277,-275,-273,-312,-316,-373,-368,-415,-387,-417,-412]} 1. e4 c5 2. Nf3 Nc6 3. Bb5 d6 4. O-O Bd7 5. Re1 e6 6. c3 Nf6 7. d4 cxd4 8. cxd4 Be7 9. d5 {B51: Sicilian: Moscow Variation (3 Bb5+) without 3...Bd7.} exd5 10. exd5 Ne5 11. Bxd7+ {White is slightly better.} (11. Nc3 {looks sharper.} Bxb5 12. Nxe5 Bd7 13. Nc4 O-O 14. Bf4) 11... Nfxd7 12. Nd4 (12. Bf4 $14) 12... O-O $11 13. Nc3 Re8 14. Bf4 {[#]} Bf8 $146 ({Predecessor:} 14... Qb6 15. b3 Rac8 16. Rc1 Qa6 17. Re3 Ng6 18. Bg3 Bg5 19. Rxe8+ Rxe8 20. Rc2 Bf6 {½-½ (39) Polgar,Z (2550)-Salmela,H Valkeakoski 1996}) 15. Rc1 Qb6 16. b3 Rac8 17. Re3 Nf6 {Threatens to win with ...Nxd5!} 18. Nf3 (18. Nf5 $11 {keeps the balance.}) 18... Nfg4 {aiming for ...Nxf2!} 19. Nxe5 {[#]} Nxe5 (19... Nxf2 $1 $17 20. Qf3 (20. Kxf2 dxe5 21. Bg5 Ba3 $15) 20... dxe5 21. Qxf2 exf4 22. Rxe8 Qxf2+ 23. Kxf2 Rxe8) 20. h3 g6 21. Bxe5 (21. Ne4 $14 Bg7 22. Rxc8 Rxc8 23. Re1) 21... dxe5 $15 22. Ne4 $2 (22. Rc2 $15) 22... f5 $2 ({Better is} 22... Rxc1 $19 23. Qxc1 Bh6 {[%mdl 64] Skewer}) 23. Rxc8 Rxc8 24. d6 $2 {[%mdl 8192]} ({White should play} 24. Ng5 $1 $15) 24... fxe4 $19 25. Qd5+ Kh8 26. d7 Rd8 27. Qxe5+ Kg8 28. Qd5+ Kg7 29. Rxe4 Qc6 30. Qe5+ Kg8 31. Rf4 Qxd7 {[#] And now ...Qd1+ would win.Black is winning.} 32. g3 Re8 33. Qc3 Qxh3 {Accuracy: White = 46%, Black = 78%.} 0-1

[Event "3. Open Bohumin 2020"]
[Site "Bohumin"]
[Date "2020.07.26"]
[Round "9.16"]
[White "Valencik, Jozef"]
[Black "Bugaj, Hanna"]
[Result "1-0"]
[WhiteElo "2089"]
[BlackElo "1507"]
[Annotator "TA"]
[PlyCount "61"]
[EventDate "2020.07.18"]
[EventType "swiss"]
[EventCountry "CZE"]
[SourceTitle "playchess.com"]
[Source "ChessBase"]
[SourceQuality "1"]

{[%evp 12,61,56,37,49,35,39,39,35,29,42,10,63,46,79,66,64,66,72,35,87,78,119,116,119,117,138,143,163,158,231,233,227,206,305,305,310,297,285,287,304,242,251,234,528,528,497,519,1594,1499,1379,1341]} 1. e4 c5 2. Nf3 Nc6 3. d4 cxd4 4. Nxd4 Nf6 5. Nc3 e5 6. Nf5 d6 7. Ne3 Be7 {B33: Sicilian: Pelikan and Sveshnikov Variations.} 8. Bc4 O-O 9. O-O Be6 {White is slightly better.} 10. Ned5 a6 11. a4 {[#]} Ne8 $146 (11... Rc8 $11) ({Predecessor:} 11... Kh8 12. f3 Bxd5 13. Nxd5 Nxd5 14. Bxd5 f5 15. exf5 Rxf5 16. Be3 Bg5 17. Bf2 Rf6 {1-0 (68) Saroun,R (1801)-Mejzlik,V (2052) Prague 2013}) 12. Be3 $14 Kh8 13. Qe2 Bg5 14. Bb6 Qd7 15. b4 f5 (15... Bd8 $14) 16. b5 {Black is now going downhill.} axb5 17. axb5 {[%mdl 64] [#] Discovered Attack} Rxa1 18. Rxa1 Ne7 19. Nxe7 Qxe7 20. Ra8 {aiming for Bd8.} Qf7 (20... Bxc4 $16 {was called for.} 21. Qxc4 Nf6) 21. Bxe6 $18 Qxe6 22. Qh5 Qg6 (22... Bd2 {might work better.}) 23. Qxg6 hxg6 24. Rb8 Kg8 25. Rxb7 Nf6 26. Ba7 fxe4 27. b6 {[%cal Bb5b6,Bb6b7][%mdl 32] Strongly threatening Rc7.} Bd2 $2 (27... e3 28. f3 e2 29. Nxe2 Be3+ 30. Kf1 e4) 28. Rc7 {White is clearly winning.} e3 {[#] ...Nd5! is the strong threat.} 29. b7 $1 Ng4 (29... Bxc3 $142 30. Rxc3 e2) 30. Bxe3 Nxe3 31. Rc8 {Accuracy: White = 85%, Black = 47%.} 1-0

[Event "3. Open Bohumin 2020"]
[Site "Bohumin"]
[Date "2020.07.26"]
[Round "9.17"]
[White "Warchol, Kamil"]
[Black "Starosta, Martyna"]
[Result "0-1"]
[WhiteElo "1911"]
[BlackElo "2079"]
[Annotator "TA"]
[PlyCount "150"]
[EventDate "2020.07.18"]
[EventType "swiss"]
[EventCountry "CZE"]
[SourceTitle "playchess.com"]
[Source "ChessBase"]
[SourceQuality "1"]

{[%evp 11,150,34,29,29,26,8,11,5,0,2,12,20,17,16,25,25,20,11,32,-22,-11,-62,-78,-145,-154,-151,-154,-153,-152,-147,-147,-150,-150,-152,-152,-147,-155,-160,-156,-205,-193,-212,-217,-261,-244,-313,-311,-322,-322,-322,-321,-321,-314,-332,-325,-370,-322,-341,-308,-277,0,-341,-335,-487,-433,-480,-479,-431,-399,-439,-439,-439,-439,-439,-315,-296,-275,-265,-256,-286,-288,-271,-271,-371,-369,-418,-366,-476,-479,-541,-541,-541,-541,-541,-541,-508,-516,-814,-611,-768,-728,-704,-591,-806,-745,-765,-755,-884,-844,-1080,-1029,-1242,-787,-760,-738,-826,-825,-787,-796,-853,-834,-866,-771,-29987,-29988,-29986,-2019,-29987,-1850,-1861,-1847,-29980,-29981,-29979,-29980,-29986,-29981,-29981,-29982,-29993,-29994]} 1. e4 e5 2. Nf3 Nc6 3. Bc4 Nf6 4. d3 Be7 5. c3 O-O 6. Nbd2 {[%cal Bb1d2,Bd2e4,Be4g3][%mdl 32]} d5 7. exd5 {C55: Two Knights: 4 d3, 4 d4 exd4 5 e5 and Max Lange Attack.} Nxd5 8. Ne4 Nb6 9. Bb3 $1 {The position is equal.} Bg4 10. h3 Bh5 11. O-O Kh8 12. Re1 f5 13. Ng3 Bxf3 14. Qxf3 Bd6 {[#]} 15. Bd2 $146 (15. Nf1 $14) ({Predecessor:} 15. Qh5 Qd7 16. Bd2 e4 17. d4 e3 18. Bxe3 f4 19. Bc2 g6 20. Bxg6 fxg3 21. fxg3 Bxg3 {0-1 (32) Pourramezanali,A (2505)-Shirov,A (2656) Bandar e Anzali 2017}) 15... e4 $11 16. Qe2 ({Better is} 16. Qh5 $11) 16... exd3 $1 $15 17. Qxd3 ({White should play} 17. Qh5) 17... Bxg3 $1 $17 18. Qxd8 Raxd8 19. Bg5 Bd6 {...Rde8 is the strong threat.} 20. Bxd8 Rxd8 21. Rad1 g6 22. g3 Kg7 23. Kg2 Rf8 24. f4 Nb8 25. Bc2 N8d7 26. b3 Nf6 27. c4 a5 28. Kf3 h5 29. h4 Nbd7 30. Re2 Nc5 31. Bb1 b6 32. Re3 Kf7 33. Bc2 Ra8 34. Kg2 Ng4 35. Re2 Nf6 36. Re3 $1 Ne6 37. Rb1 (37. Re2 {was worth a try.}) 37... Bc5 38. Ree1 Ng4 39. Bd1 Bb4 40. Bf3 {Hoping for Rxe6.} Rd8 41. Re2 Nf6 42. Re5 Bd6 43. Ree1 Nc5 44. Rbd1 Nfe4 45. Rd5 Nc3 46. Rd2 a4 47. b4 N5e4 48. Bxe4 Nxe4 49. Rd4 a3 50. Re3 Ra8 51. Rb3 {[#]} Bxb4 $1 {[%mdl 512]} 52. Rd7+ (52. Rxb4 c5) 52... Ke6 53. Rxc7 Bc5 54. Rg7 (54. Rc6+ $142 Nd6 55. Rcxb6 Bxb6 56. Rxb6) 54... Kf6 55. Rd7 Ra4 56. Rc7 Nd6 57. Rc6 Ke7 58. Rc7+ Ke6 59. Rd3 Rxc4 60. Rd2 Rb4 61. Kf1 Ne4 62. Rc6+ Bd6 63. Rd3 Rb1+ 64. Ke2 Rb2+ 65. Ke1 b5 66. Rxa3 Kd5 67. Raa6 Bb4+ 68. Kf1 Nxg3+ 69. Kg1 Bc5+ (69... Ke4 $142 70. Rc8 Kf3 71. Ra3+ {[%mdl 64] Decoy} Bxa3 72. Rc3+ {[#]} Kg4 $1 {[%mdl 512]} 73. Rxa3 Re2 74. Rd3 Kh3 75. Rxg3+ {[%mdl 64] Remove Defender} Kxg3 76. Kf1 Re8 77. a3 Re4 78. a4 bxa4 79. Kg1 Re1#) 70. Rxc5+ $19 Kxc5 71. Rxg6 {KRN-KR} Ne2+ {Black mates.} 72. Kf1 Nxf4 73. Rg5 Kd4 74. Rxf5 Ke3 {[%cal Rb2b1]} 75. Kg1 Ne2+ {Accuracy: White = 56%, Black = 86%.} 0-1

[Event "3. Open Bohumin 2020"]
[Site "Bohumin"]
[Date "2020.07.26"]
[Round "9.18"]
[White "Kondys, Piotr"]
[Black "Nytra, Ondrej"]
[Result "1/2-1/2"]
[WhiteElo "1483"]
[BlackElo "2150"]
[Annotator "TA"]
[PlyCount "34"]
[EventDate "2020.07.18"]
[EventType "swiss"]
[EventCountry "CZE"]
[SourceTitle "playchess.com"]
[Source "ChessBase"]
[SourceQuality "1"]

{[%evp 17,34,-2,6,-6,7,0,0,0,0,-18,-25,-23,-21,-30,-12,-27,0,-27,2]} 1. e4 e5 2. Nf3 Nc6 3. Nc3 Nf6 4. d4 exd4 5. Nxd4 Bb4 6. Nxc6 bxc6 7. Bd3 d5 8. exd5 cxd5 9. O-O O-O 10. h3 {C47: Scotch Four Knights and Four Knights with 4 g3.} c6 11. Qf3 Re8 {11...Rb8 gains popularity.} 12. Bg5 {The position is equal.} Bd6 13. Ne2 Be5 14. c3 Qd6 {[#]} 15. Bf4 $146 ({Predecessor:} 15. Ng3) 15... a5 16. Rfe1 a4 17. Bc2 Bxf4 {Not much happened in this game. Accuracy: White = 86%, Black = 78%.} 1/2-1/2